Support of underground excavations in hard rock / (Record no. 546439)
[ view plain ]
| 000 -LEADER | |
|---|---|
| fixed length control field | 00898cam a22002534a 4500 |
| 020 ## - INTERNATIONAL STANDARD BOOK NUMBER | |
| International Standard Book Number | 9054101865 |
| 082 ## - DEWEY DECIMAL CLASSIFICATION NUMBER | |
| Classification number | 624.152 |
| Author Mark | HOE |
| -- | L-NUST, P-19 |
| 100 1# - MAIN ENTRY--PERSONAL NAME | |
| Personal name | Hoek, Evert, |
| 9 (RLIN) | 23486 |
| 245 10 - TITLE STATEMENT | |
| Title | Support of underground excavations in hard rock / |
| Statement of responsibility, etc. | E. Hoek, P.K. Kaiser, W.F. Bawden. |
| 260 ## - PUBLICATION, DISTRIBUTION, ETC. | |
| Place of publication, distribution, etc. | Rotterdam, Netherlands ; |
| -- | Brookfield, VT, USA : |
| Name of publisher, distributor, etc. | A.A. Balkema, |
| Date of publication, distribution, etc. | 1997. |
| 300 ## - PHYSICAL DESCRIPTION | |
| Extent | xii, 215 p. : |
| Other physical details | ill. ; |
| Dimensions | 29 cm. |
| 526 ## - STUDY PROGRAM INFORMATION NOTE | |
| Program name | 0 |
| Interest level | 0 |
| Reading level | 0 |
| Title point value | 624_152000000000000_HOE |
| 526 ## - STUDY PROGRAM INFORMATION NOTE | |
| Program name | 0 |
| Interest level | 0 |
| Reading level | 0 |
| Title point value | 624_152000000000000_HOE |
| 650 #0 - SUBJECT ADDED ENTRY--TOPICAL TERM | |
| Topical term or geographic name entry element | Excavation. |
| 9 (RLIN) | 26170 |
| 650 #0 - SUBJECT ADDED ENTRY--TOPICAL TERM | |
| Topical term or geographic name entry element | NUST |
| 9 (RLIN) | 6342 |
| 650 #0 - SUBJECT ADDED ENTRY--TOPICAL TERM | |
| Topical term or geographic name entry element | Retaining walls. |
| 9 (RLIN) | 21594 |
| 650 #0 - SUBJECT ADDED ENTRY--TOPICAL TERM | |
| Topical term or geographic name entry element | Rock mechanics. |
| 9 (RLIN) | 23489 |
| 650 #0 - SUBJECT ADDED ENTRY--TOPICAL TERM | |
| Topical term or geographic name entry element | Underground areas. |
| 9 (RLIN) | 42557 |
| 650 #7 - SUBJECT ADDED ENTRY--TOPICAL TERM | |
| Topical term or geographic name entry element | Lavra subterranea |
| 9 (RLIN) | 42558 |
| 700 1# - ADDED ENTRY--PERSONAL NAME | |
| Personal name | Bawden, W. F. |
| 9 (RLIN) | 42559 |
| 700 1# - ADDED ENTRY--PERSONAL NAME | |
| Personal name | Kaiser, Peter K. |
| 9 (RLIN) | 42560 |
| 856 42 - ELECTRONIC LOCATION AND ACCESS | |
| Uniform Resource Identifier | <a href="http://www.loc.gov/catdir/enhancements/fy0916/99227305-d.html">http://www.loc.gov/catdir/enhancements/fy0916/99227305-d.html</a> |
| 942 ## - ADDED ENTRY ELEMENTS (KOHA) | |
| Source of classification or shelving scheme | |
| Koha item type | Book |
| Withdrawn status | Lost status | Source of classification or shelving scheme | Damaged status | Not for loan | Permanent Location | Current Location | Date acquired | Total Checkouts | Full call number | Barcode | Date last seen | Date last checked out | Price effective from | Koha item type |
|---|---|---|---|---|---|---|---|---|---|---|---|---|---|---|
| Military College of Engineering (MCE) | Military College of Engineering (MCE) | 06/12/2014 | 1 | 624.152 HOE | MCE-43983 | 08/31/2017 | 02/23/2017 | 06/12/2014 | Book | |||||
| Military College of Engineering (MCE) | Military College of Engineering (MCE) | 06/12/2014 | 624.152 HOE | MCE-28879 | 06/12/2014 | 06/12/2014 | Book |
